00000000nam##2200000za#4500
0019.617606
003CaOODSP
00520230131161134
007co |||||||||||
008150406|2005||||xxc    |q  d f### # eng|d
020 |a0-660-19564-X
040 |aCaOODSP|beng
043 |an-cn---
0861 |aM42-547E-MRC
1102 |aGeological Survey of Canada.
24514|aThe physical environment of the Mackenzie Valley, Northwest Territories : |h[electronic resource]|ba base line for the assessment of environmental change / |cEdited by L.D. Dyke and G.R. Brooks.
260 |bNatural Resources Canada. |cc2000, digital format in 2006.
300 |a1 disc.
4901 |aBulletin|v547
5203 |aThis bulletin is the report of the Mackenzie Integrated Research and Monitoring Area project which was initiated to assess the sensitivity of landscape-altering processes in the Mackenzie Valley to climate warming and to produce regional maps of permafrost and ground-ice distribution.
538 |aPC: Pentium processor with Windows 98; MAC: Mac OS X v. 10.2.2; UNIX: Go to www.adobe.com for appropriate reader for your system; Monitor: 17" colour monitor, video resolution of 1280 x 1024; RAM: 64 MB; Adobe Reader v. 6.0 is required and included on the CD-ROM.
546 |a(Résumés en français.)
590 |a06-05|b2006-02-03
7201 |aBrooks, G. R.
7201 |aDyke, L. D.
7760#|tThe physical environment of the Mackenzie Valley, Northwest Territories : |w(CaOODSP)9.615312
830#0|aBulletin ;|v547|w(CaOODSP)9.514769